000 00856nam a2200217Ia 4500
999 _c39450
_d39450
001 6043
003 GE_BSU
005 20190910133416.0
008 181216sge ||||geo|||||||||||||| ||geo||
040 _cGE_BSU
041 _age
080 _a821.353.1-31 ა-30
100 _aავალიანი, ლადო
_93908
245 _aახალი ჰორიზონტი I-II ნაწილი :
_bრომანი /
_cლადო ავალიანი ; რედ. კ. ბობოხიძე.
264 _aთბილისი :
_bსაბჭოთა საქართველო ;
_c1963.
300 _a442 გვ. ;
_c20 სმ.
653 _aახალი ჰორიზონტი
653 _aრომანი
700 _aბობოხიძე, კ.
_eრედაქტორი
_93666
942 _cBK
_2udc